players to win the ballon d'Or - Statistics

General Stats
  • This quiz has been taken 86 times
  • The average score is 6 of 14
Answers on the Grid
Answers color-coded by a green-red scale on the quiz's grid according to % correct below.
Benzema
Messi
suarez
Yashin
Thierry Henry
Ribery
Maldini
Rodri
Cristiano Ronaldo
Pele
Xavi
Kaka
George Weah
Iniesta
Rossi
Buffon
Kevin Keegan
Bobby Moore
Bergkamp
Puskas
Platini
Maradona
Rijkaard
Dalglish
Cantona
Rivaldo
Baggio
Baresi
Bobby Charlton
Cannavaro
 
Answer Stats
Answer % Correct
Messi
91%
Benzema
82%
Yashin
73%
Rodri
55%
Cristiano Ronaldo
45%
Kaka
45%
Cannavaro
36%
George Weah
36%
Kevin Keegan
27%
Platini
27%
Baggio
18%
Bobby Charlton
18%
Rivaldo
18%
Rossi
0%
No matching quizzes found
Score Distribution
Percent of People with Each Score
Percentile by Number Answered
Your Score History
You have not taken this quiz